Сильноточное взрывное коммутирующее устройство для электродинаического ускорителя масс; VIII Всесоюзный симпозиум по сильноточной электронике

Podrobná bibliografie
Parent link:VIII Всесоюзный симпозиум по сильноточной электронике.— 1990.— С. 201-203
Další autoři: Сивков А. А. Александр Анатольевич, Корольков В. Л. Валерий Леонидович, Герасомов С. В., Асташкин И. Н.
Shrnutí:В фонде НТБ ТПУ отсутствует
Jazyk:ruština
Vydáno: 1990
Témata:
Médium: MixedMaterials Kapitola
KOHA link:https://koha.lib.tpu.ru/cgi-bin/koha/opac-detail.pl?biblionumber=602132

MARC

LEADER 00000naa0a2200000 4500
001 602132
005 20250225092355.0
035 |a (RuTPU)RU\TPU\tpu\27562 
035 |a RU\TPU\tpu\27561 
090 |a 602132 
100 |a 20150605d1990 k y0rusy50 ca 
101 0 |a rus 
102 |a RU 
200 1 |a Сильноточное взрывное коммутирующее устройство для электродинаического ускорителя масс  |f А. А. Сивков [и др.] 
333 |a В фонде НТБ ТПУ отсутствует 
463 |t VIII Всесоюзный симпозиум по сильноточной электронике  |o тезисы докладов  |v С. 201-203  |h Часть III  |n [Б. и.]  |d 1990 
610 1 |a труды учёных ТПУ 
701 1 |a Сивков  |b А. А.  |c специалист в области электроэнергетики  |c профессор Томского политехнического университета, доктор технических наук  |f 1951-  |g Александр Анатольевич  |3 (RuTPU)RU\TPU\pers\26846  |9 12465 
701 1 |a Корольков  |b В. Л.  |c российский ученый  |c доктор технических наук, Заслуженный изобретатель России  |c профессор Томского государственного архитектурно-строительного университета  |f 1938-  |g Валерий Леонидович  |3 (RuTPU)RU\TPU\pers\19826 
701 1 |a Герасомов  |b С. В. 
701 1 |a Асташкин  |b И. Н. 
801 1 |a RU  |b 63413507  |c 20150604 
801 2 |a RU  |b 63413507  |c 20150605  |g RCR 
942 |c BK